Miasta w USA z populacją > 1 miliona - Statystyki

Ogólne statystyki
  • Ten quiz został rozwiązany 145 razy
  • Średni wynik to 6 z 11
Statystyki odpowiedzi
Populacja Lata Miasto % Poprawnych
8 478 072 1857– Nowy Jork
100%
3 878 704 1928– Los Angeles
96%
2 721 308 1889– Chicago
85%
2 390 125 1963– Houston
63%
1 326 087 1990– Dallas
58%
1 573 916 1888– Filadelfia
48%
1 673 164 1991– Phoenix
40%
1 404 452 1986– San Diego
40%
1 526 656 1991– San Antonio
33%
1 009 833 2024– Jacksonville
24%
1 008 106 2024– Fort Worth
8%
Nie znaleziono quizów pasujących do podanych kryteriów
Rozkład punktacji
Procent ludzi z każdym wynikiem
Percentyl według liczby udzielonych odpowiedzi
Twoja historia wyników
Nie rozwiązałeś tego quizu